American thought : (Record no. 7930)
[ view plain ]
| 000 -LEADER | |
|---|---|
| fixed length control field | 00717cam a2200253 4500 |
| 001 - CONTROL NUMBER | |
| JCCL Control Number | 7930 |
| 003 - CONTROL NUMBER IDENTIFIER | |
| JCCL marc code | BD-JhCC |
| 005 - DATE AND TIME OF LATEST TRANSACTION | |
| control field | 20180215132221.0 |
| 008 - FIXED-LENGTH DATA ELEMENTS--GENERAL INFORMATION | |
| fixed length control field | 000207s1934 ilu 00100 eng d |
| 035 ## - SYSTEM CONTROL NUMBER | |
| system control number | (BD-JhCC)7930 |
| 035 ## - SYSTEM CONTROL NUMBER | |
| system control number | 2515742 |
| 040 ## - CATALOGING SOURCE | |
| Original cataloging agency | ANL |
| Modifying agency | ANL |
| -- | BD-JhCC |
| 041 ## - LANGUAGE CODE | |
| Language code of Book | eng |
| 050 00 - LIBRARY OF CONGRESS CALL NUMBER | |
| Classification number | B851 |
| Item number | .C6 |
| 082 04 - DEWEY DECIMAL CLASSIFICATION NUMBER | |
| Classification number | 191 |
| Author mark and Year | COH 1934 |
| 100 1# - MAIN ENTRY--PERSONAL NAME | |
| Personal name | Cohen, Morris R. |
| Fuller form of name | (Morris Raphael), |
| Dates associated with a name | 1880-1947. |
| 245 10 - TITLE STATEMENT | |
| Title | American thought : |
| Remainder of title | a critical sketch / |
| Statement of responsibility, etc | Edited and with a foreword by Felix S. Cohen. |
| 260 ## - PUBLICATION, DISTRIBUTION, ETC. (IMPRINT) | |
| Place of publication, distribution, etc | Glencoe, Ill. : |
| Name of publisher, distributor, etc | Free Press, |
| Date of publication, distribution, etc | [1934]. |
| 300 ## - PHYSICAL DESCRIPTION | |
| Pagination | 1 v. |
| 650 #0 - SUBJECT ADDED ENTRY--TOPICAL TERM | |
| Topical term or geographic name as entry element | Philosophy, American. |
| 651 #0 - SUBJECT ADDED ENTRY--GEOGRAPHIC NAME | |
| Geographic name | United States |
| General subdivision | Intellectual life. |
| 942 ## - ADDED ENTRY ELEMENTS (KOHA) | |
| Source of classification or shelving scheme | Dewey Decimal Classification |
| Koha item type | Books |
| Source of classification or shelving scheme | Damaged status | Not for loan | Home library | Current library | Shelving location | Date of accession | Total Checkouts | Full call number | Barcode | Date last seen | Date checked out | Copy number | Koha item type |
|---|---|---|---|---|---|---|---|---|---|---|---|---|---|
| Dewey Decimal Classification | JCC Rouf Library | JCC Rouf Library | General Stacks | 07/27/2024 | 1 | 191 COH 1934 | 10393 | 07/28/2024 | 07/27/2024 | C - 1 | Books |